Alapelvek és alapjogok
Elmentve itt :
| Testületi szerző: | |
|---|---|
| További közreműködők: | |
| Dokumentumtípus: | Könyv része |
| Megjelent: |
Szegedi Tudományegyetem Állam- és Jogtudományi Doktori Iskola
Szeged
2015
|
| Sorozat: | Szegedi Jogász Doktorandusz Konferenciák
5 Szegedi Jogász Doktorandusz Konferenciák 5 |
| Kulcsszavak: | Jogtudomány - tanulmányok |
| Tárgyszavak: | |
| Online Access: | http://acta.bibl.u-szeged.hu/74889 |
| LEADER | 00968naa a2200277 i 4500 | ||
|---|---|---|---|
| 001 | acta74889 | ||
| 005 | 20231130095024.0 | ||
| 008 | 220324s2015 hu o 1|| hun d | ||
| 020 | |a 978-963-306-404-7 | ||
| 022 | |a 2063-3807 | ||
| 040 | |a SZTE Egyetemi Kiadványok Repozitórium |b hun | ||
| 041 | |a hun | ||
| 041 | |a eng | ||
| 041 | |a fre | ||
| 245 | 0 | 0 | |a Alapelvek és alapjogok |h [elektronikus dokumentum] |
| 260 | |a Szegedi Tudományegyetem Állam- és Jogtudományi Doktori Iskola |b Szeged |c 2015 | ||
| 300 | |a 486 |c 23 cm | ||
| 490 | 0 | |a Szegedi Jogász Doktorandusz Konferenciák |v 5 | |
| 490 | 0 | |a Szegedi Jogász Doktorandusz Konferenciák |v 5 | |
| 650 | 4 | |a Társadalomtudományok | |
| 650 | 4 | |a Jogtudomány | |
| 695 | |a Jogtudomány - tanulmányok | ||
| 700 | 0 | 1 | |a Lajkó Dóra |
| 700 | 0 | 1 | |a Varga Norbert |
| 710 | |a Alapelvek és alapjogok (2014) (Szeged) | ||
| 856 | 4 | 0 | |u http://acta.bibl.u-szeged.hu/74889/1/szegedi_jogasz_doktorandusz_konf_005.pdf |z Dokumentum-elérés |